| 000 | 01492nam a2200409 i 4500 | ||
|---|---|---|---|
| 001 | 51490 | ||
| 003 | KOSZ 005 | ||
| 005 | 20200602094419.0 | ||
| 008 | 200602s2000 pl a f 001 0 pol d | ||
| 020 | _a8391086623 | ||
| 040 |
_aKOSZ 005 _cKOSZ 005/RW |
||
| 046 | _k2000 | ||
| 080 | _a51 | ||
| 080 | _a(075.8) | ||
| 100 | 1 |
_aGilewicz, Janusz _eAutor |
|
| 245 | 1 | 0 |
_aMatematyka z zastosowaniami w naukach ekonomicznych. _nT. 1 / _cJanusz Gilewicz. |
| 250 | _aWydanie 2 uzupełnione. | ||
| 260 |
_aKoszalin ; _aKołobrzeg : _b"Epsilon", _c2000. |
||
| 300 |
_a295 stron : _brysunki, wykresy, errata ; _c24 cm. |
||
| 336 |
_aTekst _btxt _2rdacontent |
||
| 337 |
_aBez urządzenia pośredniczącego _bn _2rdamedia |
||
| 338 |
_aWolumin _bnc _2rdacarrier |
||
| 380 | _aKsiążki | ||
| 380 | _aPublikacje dydaktyczne | ||
| 388 | _a1901-2000 | ||
| 388 | _a1989-2000 | ||
| 504 | _aBibliografia na stronie 295. Indeks. | ||
| 521 | 8 | _aKsiążka jest adresowana przede wszystkim do studentów studiujących na pierwszym roku studiów zaocznych na kierunkach: "Zarządzanie i Marketing" oraz "Ekonomia". | |
| 650 | 7 | _aAlgebra | |
| 650 | 7 | _aRachunek różniczkowy | |
| 650 | 7 | _aRachunek całkowy | |
| 655 | 7 |
_aPodręczniki akademickie _2DBN |
|
| 658 | _aMatematyka | ||
| 710 | 2 |
_aWydawnictwo Epsilon _4pbl |
|
| 856 |
_uhttp://koha.tu.koszalin.pl/cgi-bin/koha/opac-detail.pl?biblionumber=51490 _yKatalog online BPK |
||
| 942 |
_2UKD _cKS |
||
| 999 |
_c51490 _d51490 |
||